000
00316nam a2200121Ia 4500
008
190216s9999||||xx |||||||||||||| ||und||
100
_a
Ayyappa Panicker K
245
0
_a
Ayyappappanikarute Krithikal 1969-81 Vol 2
260
_b
D C Books Kerala
_c
1982
300
_a
222p
650
_a
Malayalam Kavitha
942
_c
BK
999
_c
25969
_d
25969